000 00802nam a22002295i 4500
001 177460
003 ES-MaACL
005 20250824212334.0
008 110324s1966 sp |||| | spa d
080 _a338.22
100 0 _aRobbins, Lionel Charles
_cBaron (
_d1898-1984)
_997789
245 1 0 _aTeoría de política económica /
_cLionel Robbins ; [versión española realizada por Luis Guereca Tosantos].
260 _aMadrid [etc.] :
_bRialp,
_cimp. 1966.
300 _a195, [2] h. ;
_c25 cm.
490 1 _aLibros de economía ;
_v8
504 _aBibliografía: p. [197]
650 0 4 _aPolítica económica.
_916293
700 1 _aGuereca Tosantos, Luis.
_960455
830 0 0 _aLibros de economía (Rialp)
_v8
_9186981
852 _aES-MaACL
_jE-14718
_xOlim P-527-bis
999 _c177460
_d177460